In-store-marketing ve strategii maloobchodu

Image obchodu ako súčasť jeho podnikovej stratégie. Profilácia prevádzkovej jednotky firmy. Optimálne rozmiestenie tovaru v predajni. Obchodná logistika.

Guardado en:
Detalles Bibliográficos
Autor principal: Cimler, Petr
Formato: Capítulo de libro
Lenguaje:checo
Materias:
Etiquetas: Agregar Etiqueta
Sin Etiquetas, Sea el primero en etiquetar este registro!

MARC

LEADER 00000naa a2200000 4500
001 r021536
005 20230922102132.2
041 0 |a cze 
044 |a CZ 
245 1 0 |a In-store-marketing ve strategii maloobchodu  |c Petr Cimler 
520 |a Image obchodu ako súčasť jeho podnikovej stratégie. Profilácia prevádzkovej jednotky firmy. Optimálne rozmiestenie tovaru v predajni. Obchodná logistika. 
610 2 0 |a imidž 
610 2 0 |a identita podniková 
610 2 0 |a marketing 
610 2 0 |a Česko 
610 2 0 |a 1990-1995 
610 2 0 |a maloobchod 
610 2 0 |a manažment 
610 2 0 |a logistika 
100 1 |a Cimler, Petr